Harry Potter Zaubersprüche - Statistiken

Allgemein
  • Dieses Quiz wurde 124 mal gespielt
    79 seit der letzten Aktualisierung
  • Das Durchschnittsergebnis liegt bei 15 aus 38
Antwortstatistiken
Wirkung Zauberspruch % Korrekt
Ruft Gegenstände oder Lebewesen herbei Accio
98%
Erzeugt Licht an der Zauberstabspitze Lumos
93%
Öffnet Schlösser und Türen Alohomora
87%
Wehrt dunkle Wesen mit einem Patronus ab Expecto Patronum
80%
Entwaffnet den Gegner Expelliarmus
78%
Löscht das durch „Lumos“ erzeugte Licht Nox
78%
Lässt Gegenstände schweben oder fliegen Wingardium Leviosa
78%
Verursacht starke Schmerzen (Unverzeihlicher Fluch) Crucio
67%
Tötet sofort (Unverzeihlicher Fluch) Avada Kedavra
65%
Setzt zerbrochene Gegenstände wieder zusammen Reparo
65%
Erzwingt den Willen einer Person (Unverzeihlicher Fluch) Imperio
62%
Erzeugt ein Schutzschild gegen Zauber Protego
60%
Hängt das Ziel kopfüber in die Luft Levicorpus
58%
Schockzauber: setzt Ziel außer Gefecht Stupor
50%
Lässt das Ziel erstarren Petrificus Totalus
38%
Treibt einen Irrwicht in lächerliche Gestalt Riddikulus
38%
Lässt Wasser aus der Zauberstabspitze schießen Aguamenti
37%
Entfacht ein Feuer Incendio
37%
Verändert oder löscht Erinnerungen Obliviate
35%
Trennt oder ritzt Material auf Diffindo
33%
Repariert die Nase von Harry Episkey
25%
Beschwört das Dunkle Mal Morsmordre
20%
Dämpft Umgebungsgeräusche mit Brummen Muffliato
18%
Macht anwesende Menschen sichtbar Homenum Revelio
17%
Pulverisiert oder zertrümmert Hindernisse Reducto
17%
Kitzelfluch: unkontrollierbares Lachen Rictusempra
17%
Nimmt dem Ziel vorübergehend die Stimme Silencio
17%
Verschließt Türen und Fenster magisch Colloportus
15%
Hebt „Levicorpus“ auf Liberacorpus
15%
Macht aus einem Objekt einen Portschlüssel Portus
15%
Schützt einen Bereich dauerhaft Protego Totalum
15%
Weckt eine betäubte Person wieder auf Rennervate
10%
Lässt einen Blumenstrauß erscheinen Orchideus
8%
Hält Muggel fern Repello Muggletum
8%
Hebt die Anzeige des letzten Zaubers wieder auf Deletrius
5%
Zeigt den letzten Zauber eines Zauberstabs Prior Incantato
5%
Reinigt oder entfernt Spuren Tergeo
5%
Schießt einen kleinen Gegenstand auf ein Ziel Waddiwasi
3%
Keine übereinstimmenden Quizze gefunden
Verteilung der Resultate
Anzahl Personen mit jedem Resultat
Perzentil nach korrekt beantworteten Fragen
Ihre Resultats-Entwicklung
Sie haben dieses Quiz seit der letzten Aktualisierung nicht gespielt